| 000 | 01295nam a22003014a 4500 | ||
|---|---|---|---|
| 001 | ebr10114115 | ||
| 003 | CaPaEBR | ||
| 006 | m u | ||
| 007 | cr cn||||||||| | ||
| 008 | 040226s2005 njua sb 001 0ceng | ||
| 010 | _z 2004040853 | ||
| 020 | _z0471676233 (cloth) | ||
| 040 |
_aCaPaEBR _cCaPaEBR |
||
| 035 | _a(OCoLC)228124295 | ||
| 050 | 1 | 4 |
_aR856 _b.P78 2005eb |
| 082 | 0 | 4 |
_a681/.761 _222 |
| 100 | 1 | _aPrutchi, David. | |
| 245 | 1 | 0 |
_aDesign and development of medical electronic instrumentation _h[electronic resource] : _ba practical perspective of the design, construction, and test of medical devices / _cDavid Prutchi, Michael Norris. |
| 260 |
_aHoboken, N.J. : _bWiley-Interscience, _cc2005. |
||
| 300 |
_axv, 461 p. : _bill. |
||
| 504 | _aIncludes bibliographical references and index. | ||
| 533 |
_aElectronic reproduction. _bPalo Alto, Calif. : _cebrary, _d2013. _nAvailable via World Wide Web. _nAccess may be limited to ebrary affiliated libraries. |
||
| 650 | 0 |
_aMedical instruments and apparatus _xDesign and construction. |
|
| 655 | 7 |
_aElectronic books. _2local |
|
| 700 | 1 | _aNorris, Michael. | |
| 710 | 2 | _aebrary, Inc. | |
| 856 | 4 | 0 |
_uhttp://site.ebrary.com/lib/rucke/Doc?id=10114115 _zAn electronic book accessible through the World Wide Web; click to view |
| 999 |
_c105659 _d105659 |
||